00000000nam 2200000za 4500
0019.846929
003CaOODSP
00520221107153324
007cr |||||||||||
008171109s2017    onc     ol   f000 0 eng d
040 |aCaOODSP|beng
041 |aeng|afre
043 |an-cn---
0861 |aXB421-17/3-PDF
1101 |aCanada. |bParliament. |bHouse of Commons.
24513|aAn Act to amend the Yukon Environmental and Socio-economic Assessment Act and to make a consequential amendment to another Act |h[electronic resource] = |bLoi modifiant la Loi sur l'évaluation environnementale et socioéconomique au Yukon et modifiant une autre loi en conséquence.
24611|aLoi modifiant la Loi sur l’évaluation environnementale et socioéconomique au Yukon et modifiant une autre loi en conséquence
260 |a[Ottawa] : |bHouse of Commons, |c2017.
300 |aii, 3 p.
4901 |aBill C-... ; |vBill C-17, 1st session, 42nd Parliament
500 |aAs passed by the House of Commons, November 9, 2017.
520 |a"This enactment amends the Yukon Environmental and Socioeconomic Assessment Act, in particular by repealing the provisions (a) that authorize the federal minister to delegate any of his or her powers, duties and functions under that Act to the territorial minister; (b) that exempt projects and existing projects from the requirement of a new assessment when an authorization is renewed or amended and there are no significant changes to the original project as previously assessed; (c) that establish time limits for assessments; and (d) that authorize the federal minister to issue binding policy directions to the Yukon Environmental and Socio-economic Assessment Board. The enactment also amends the Yukon and Nunavut Regulatory Improvement Act by repealing the transitional provision relating to the application of time limit provisions enacted by that Act to projects in respect of which the evaluation, screening or review had begun before that Act came into force but for which no decision had yet been made"--Summary.
546 |aText in English and in French.
69207|2gccst|aEnvironmental impact assessment
69207|2gccst|aSocioeconomic analysis
69207|2gccst|aLegislation
792 |tAn Act to amend the Yukon Environmental and Socio-economic Assessment Act and to make a consequential amendment to another Act |efre|w(CaOODSP)9.846932
830#0|aBill C-...|vBill C-17, 1st session, 42nd Parliament|w(CaOODSP)9.500659
85640|qPDF|s161 KB|uhttps://publications.gc.ca/collections/collection_2017/parl/XB421-17-3.pdf